| 000 | 00636nam a2200205 i 4500 | ||
|---|---|---|---|
| 001 | 143527 | ||
| 003 | ES-MaACL | ||
| 005 | 20250829063125.0 | ||
| 007 | t| | ||
| 008 | 070214s1931 fr r ||||1| fre d | ||
| 100 | 1 |
_aSertillanges, Antonin-Dalmace, _d1863-1948 _9105847 |
|
| 245 | 1 | 0 |
_aSaint Thomas d'Aquin / _cpar A.-D. Sertillanges. |
| 260 |
_aParis : _bE. Flammarion, _c1931 ( _eLagny : _fGrevin) |
||
| 300 |
_a220 p. ; _c20 x 13 cm. |
||
| 490 | 1 | _aLes grands coeurs | |
| 600 | 0 | 4 |
_aTomás de Aquino, _cSanto _9110514 |
| 830 | 0 |
_aLes grands coeurs _9189092 |
|
| 852 |
_aES-MaACL _jB-12295 |
||
| 999 |
_c143527 _d143527 |
||